Comuni della Calabria - Quiz n°1 - Statistics

Statistiche generali
  • Questo quiz è stato fatto 12 volte
  • Il punteggio medio è 32 su 227
Statistiche sulle risposte
Provincia Comune % Corretto
Catanzaro
80%
Lamezia Terme
70%
Gioia Tauro
60%
Reggio Calabria
60%
Tropea
60%
Vibo Valentia
60%
Locri
50%
Villa San Giovanni
50%
Badolato
40%
Girifalco
40%
Palmi
40%
Siderno
40%
Zungri
40%
Amato
30%
Bagnara Calabra
30%
Borgia
30%
Cortale
30%
Davoli
30%
Ionadi
30%
Maida
30%
Monasterace
30%
Pizzo
30%
Riace
30%
Rosarno
30%
Serra San Bruno
30%
Simeri Crichi
30%
Soverato
30%
Squillace
30%
Taurianova
30%
Zambrone
30%
Reggio Calabria Africo
20%
Catanzaro Albi
20%
Amaroni
20%
Andali
20%
Belcastro
20%
Bianco
20%
Botricello
20%
Brancaleone
20%
Briatico
20%
Caraffa di Catanzaro
20%
Cardinale
20%
Carlopoli
20%
Caulonia
20%
Cenadi
20%
Cessaniti
20%
Chiaravalle Centrale
20%
Cittanova
20%
Curinga
20%
Dasà
20%
Decollatura
20%
Falerna
20%
Filadelfia
20%
Gerace
20%
Guardavalle
20%
Magisano
20%
Marcedusa
20%
Marcellinara
20%
Mileto
20%
Montauro
20%
Montepaone
20%
Motta Santa Lucia
20%
Nicotera
20%
Palizzi
20%
Pentone
20%
Pianopoli
20%
Platania
20%
Rombiolo
20%
San Floro
20%
San Luca
20%
Santa Caterina dello Ionio
20%
Sant'Andrea Apostolo dello Ionio
20%
San Vito sullo Ionio
20%
Scilla
20%
Sellia
20%
Sellia Marina
20%
Seminara
20%
Serrastretta
20%
Sorbo San Basile
20%
Sorianello
20%
Soriano Calabro
20%
Soveria Mannelli
20%
Soveria Simeri
20%
Stalettì
20%
Taverna
20%
Catanzaro Tiriolo
20%
Zagarise
20%
Vibo Valentia Acquaro
10%
Anoia
10%
Ardore
10%
Arena
10%
Argusto
10%
Benestare
10%
Bivongi
10%
Bova
10%
Bovalino
10%
Bova Marina
10%
Brognaturo
10%
Camini
10%
Capistrano
10%
Casignana
10%
Cerva
10%
Cicala
10%
Condofuri
10%
Conflenti
10%
Delianuova
10%
Dinami
10%
Drapia
10%
Fabrizia
10%
Feroleto della Chiesa
10%
Filandari
10%
Filogaso
10%
Fiumara
10%
Francavilla Angitola
10%
Francica
10%
Gerocarne
10%
Gimigliano
10%
Gioiosa Ionica
10%
Gizzeria
10%
Jacurso
10%
Joppolo
10%
Limbadi
10%
Maierato
10%
Marina di Gioiosa Ionica
10%
Melito di Porto Salvo
10%
Miglierina
10%
Mongiana
10%
Monterosso Calabro
10%
Nardodi pace
10%
Nocera Terinese
10%
Oppido Mamertina
10%
Palermiti
10%
Parghelia
10%
Pazzano
10%
Petrizzi
10%
Pizzoni
10%
Platì
10%
Polia
10%
Ricadi
10%
Rizziconi
10%
Roccella Ionica
10%
Roghudi
10%
Samo
10%
San Calogero
10%
San Costantino Calabro
10%
San Ferdinando
10%
San Giorgio Morgeto
10%
San Gregorio d'Ippona
10%
San Lorenzo
10%
San Nicola da Crissa
10%
San Pietro a Maida
10%
San Pietro Apostolo
10%
San Procopio
10%
San Roberto
10%
San Sostene
10%
Sant'Eufemia d'Aspromonte
10%
Sant'Onofrio
10%
Santo Stefano in Aspromonte
10%
Satriano
10%
Serrata
10%
Sersale
10%
Settingiano
10%
Simbariio
10%
Spadola
10%
Spilinga
10%
Stefanaconi
10%
Stignano
10%
Stilo
10%
Vallefiorita
10%
Vallelonga
10%
Vazzano
10%
Zaccanopoli
10%
Agnana Calabra
0%
Antonimina
0%
Bagaladi
0%
Bruzzano Zeffirio
0%
Calanna
0%
Campo Calabro
0%
Candidoni
0%
Canolo
0%
Carafaa del Bianco
0%
Cardeto
0%
Careri
0%
Centrarche
0%
Ciminà
0%
Cinquefrondi
0%
Cosoleto
0%
Cropani
0%
Ferruzzano
0%
Foreleto Antico
0%
Fossalto Serralta
0%
Gagliaro
0%
Galatro
0%
Gasperina
0%
Giffone
0%
Grotteria
0%
Isca allo Ionio
0%
Laganadi
0%
Laureana di Borello
0%
Mammola
0%
Maropati
0%
Martinaro
0%
Martinaro Lombardo
0%
Martona
0%
Melicuccà
0%
Melicucco
0%
Molochio
0%
Montebello Jonico
0%
Motta San Giovanni
0%
Olivadi
0%
Patronà
0%
Piacanica
0%
Polistena
0%
Portigliola
0%
Roccaforte del Greco
0%
Reggio Calabria San Giovanni di Gerace
0%
San Mango d'Aquino
0%
San Pietro di Caridà
0%
Santa Cristina d'Aspromonte
0%
Sant'Agata del Bianco
0%
Sant'Alessio in Aspromonte
0%
Sant'Ilario dello Ionio
0%
Scido
0%
Sinopoli
0%
Staiti
0%
Terranova Sappo Minulio
0%
Torre di Ruggiero
0%
Varapodio
0%
Nessun quiz corrispondente trovato
Distribuzione punteggi
Percentuale di utenti per punteggio
Percentile per numero di risposta
I tuoi punteggi nel tempo
Non hai fatto questo quiz